Ťaženie proti embargu Valné zhromaždenie OSN chce poslať zbrane do Bosny

Bibliographic Details
Main Author: Lőrincz, Július, 1910-1980 (Author)
Format: Article
Language:Slovak
Subjects:

MARC

LEADER 00000nab a2200000 a 4500
001 vtls000532906
003 SK-MaSNL
005 20260304040433.0
008 120928c xo 0 slo
015 |a SNBRB19rr/mm-uuuuu 
035 |a CL0533044 
040 |a SNKBUCL  |b slo  |c SNKBUCL  |e AACR2 
041 0 |a slo 
044 |a xo  |c SK 
080 |a 355.02(497.15):339.545  |2 1981 
100 1 |a Lőrincz, Július,  |d 1910-1980  |4 aut  |9 48954 
245 1 0 |a Ťaženie proti embargu  |b Valné zhromaždenie OSN chce poslať zbrane do Bosny  |c Július Lőrincz 
651 7 |a Bosna a Hercegovina  |2 snkbucl  |9 145820 
655 7 |a články z novín a časopisov  |2 snkbucl  |9 267496 
773 0 |t Pravda  |g Roč. 4 (75), č. 256 (5. 11. 1994), s. 13 
850 |a Slovenská národná knižnica v Martine  |a MTA001 
852 |a SNK  |b KIS3GCP 
958 |a RK 
992 |a RBX 
999 |c 2663307  |d 2665237